000 00669nam a2200265Ia 4500
005 20260302115338.0
008 008 260114s9999 xx 000 0 eng d
020 _a9798400667039
037 _aTextbook
040 _aCRL
040 _beng
040 _cCRL
041 _2eng
041 _aeng
084 _qCRL
100 _aAndrew F. Macdonald
_91121366
245 0 _aHoward Fast A Critical Companion
260 _bBloomsbury
260 _bGreenwood
260 _c1996
650 _aLiterary Studies
856 _uhttps://doi.org/10.5040/9798400667039?locatt=label:secondary_bloomsburyCollections
942 _cEBOOK
999 _c1685877
_d1685877